Statistics for Countries Least Affected By Terrorism

Click here to take the quiz!

General Stats

  • This quiz has been taken 59 times
    (45 since last reset)
  • The average score is 23 of 50

Answer Stats

IndexCountry% Correct
1.243Japan
89%
Not AffectedSouth Korea
86%
1.221Norway
80%
0.969Finland
74%
0.247Denmark
69%
Not AffectedIceland
69%
1.062Ireland
63%
Not AffectedEstonia
60%
0.827Lithuania
60%
Not AffectedNorth Korea
60%
Not AffectedSingapore
60%
Not AffectedLatvia
57%
Not AffectedMongolia
54%
Not AffectedPanama
54%
Not AffectedPoland
54%
Not AffectedCroatia
51%
Not AffectedLuxembourg
51%
Not AffectedOman
51%
0.431Czech Republic
49%
Not AffectedQatar
49%
Not AffectedSlovenia
49%
0.227Taiwan
49%
0.378Uruguay
49%
1.093Argentina
46%
Not AffectedCosta Rica
46%
Not AffectedHungary
46%
Not AffectedJamaica
46%
Not AffectedSlovakia
46%
Not AffectedBarbados
43%
Not AffectedDominican Republic
43%
Not AffectedBahamas
40%
Not AffectedCuba
40%
Not AffectedKuwait
40%
0.509Vietnam
40%
1.178Netherlands
37%
Not AffectedNorth Macedonia
37%
Not AffectedPortugal
37%
0.230Serbia
37%
Not AffectedTrinidad and Tobago
37%
0.922Cyprus
34%
Not AffectedGeorgia
34%
Not AffectedBhutan
31%
Not AffectedKazakhstan
31%
Not AffectedMontenegro
31%
Not AffectedUzbekistan
26%
Not AffectedMauritius
23%
Not AffectedBotswana
17%
Not AffectedNamibia
11%
Not AffectedGhana
6%
1.030Senegal
3%

Score Distribution

Percentile by Number Answered

Percent of People with Each Score

Your Score History

You have not taken this quiz since the last reset